000 01056nam a2200349Ia 4500
003 OSt
005 20220912144614.0
006 a|||||r|||| 00| 0
007 ta
008 220909b |||||||| |||| 00| 0 eng d
020 _a9780691151199 (hbk)
020 _aSL01558852
024 _a186892
037 _b2877, 28/08/2012, Educational Book Agency (India)
037 _cTextual
040 _aCSL
_beng
_cCSL
041 _aeng
082 _aB392L84, Q2
100 _aAsh Avner; Gross Robert
245 0 _aElliptic tales : curves, counting and number theory
260 _aNew Jersey
_b Princeton
_c2012
300 _axix,253p.
500 _aBibliography 249-250p.; Index 251-253p.
650 _a Curves Elliptic
650 _a Elliptic Functions
650 _a Mathematica
650 _a Number theory
650 _aGeneral Science
700 _aAsh Avner; Gross Robert
942 _hB392L84, Q2
_cTEXL
_2CC
999 _c13374
_d13374